| 000 | 00775nam a2200289Ia 4500 | ||
|---|---|---|---|
| 008 | 160803s9999 xx 000 0 und d | ||
| 020 | _a978-0440440628 | ||
| 100 | _aBlume, Judy | ||
| 245 | _aIggie's house / | ||
| 245 | _cJudy Blume. | ||
| 260 | _aNew York : | ||
| 260 | _bScholastic Inc. | ||
| 260 | _c2004 | ||
| 300 | _a117, [4] pages, [1] unnumbered plate : | ||
| 300 | _billustrations (some color) ; | ||
| 300 | _c20 cm | ||
| 500 | _aOriginally published. Simon & Schuster Books for Young Readers, 1986. | ||
| 650 | _aAfrican Americans -- | ||
| 650 | _aFriendship -- | ||
| 650 | _aPrejudices -- | ||
| 650 | _aRace relations -- | ||
| 650 | _xFiction. | ||
| 650 | _xFiction. | ||
| 650 | _xFiction. | ||
| 650 | _xFiction. | ||
| 700 | _a540 | ||
| 999 |
_c298561 _d298561 |
||